<?xml version="1.0" encoding="UTF-8"?>
<record
    xmlns:xsi="http://www.w3.org/2001/XMLSchema-instance"
    xsi:schemaLocation="http://www.loc.gov/MARC21/slim http://www.loc.gov/standards/marcxml/schema/MARC21slim.xsd"
    xmlns="http://www.loc.gov/MARC21/slim">

  <leader>01204nam0a22003131  4500</leader>
  <controlfield tag="001">RU\NLR\INFOCOMM_161\5000077990</controlfield>
  <controlfield tag="005">20250613095930.0</controlfield>
  <datafield tag="035" ind1=" " ind2=" ">
    <subfield code="a">(NLR Aleph) 009319769</subfield>
  </datafield>
  <datafield tag="090" ind1=" " ind2=" ">
    <subfield code="a">9388430</subfield>
    <subfield code="c">9388430</subfield>
  </datafield>
  <datafield tag="100" ind1=" " ind2=" ">
    <subfield code="a">20100825d1969    |||y0rusy50      ca</subfield>
  </datafield>
  <datafield tag="101" ind1="0" ind2=" ">
    <subfield code="a">fre</subfield>
  </datafield>
  <datafield tag="102" ind1=" " ind2=" ">
    <subfield code="a">RU</subfield>
  </datafield>
  <datafield tag="105" ind1=" " ind2=" ">
    <subfield code="a">a   ||||000|y</subfield>
  </datafield>
  <datafield tag="200" ind1="1" ind2=" ">
    <subfield code="a">L&#xE9;ningrad</subfield>
    <subfield code="e">Guide du touriste</subfield>
    <subfield code="f">El&#xE9;na Dorochinska&#xEF;a et Vadim Kroutchina</subfield>
  </datafield>
  <datafield tag="210" ind1=" " ind2=" ">
    <subfield code="a">M.</subfield>
    <subfield code="c">&#xC9;d. de l'Agence de presse "Novosti"</subfield>
    <subfield code="d">[1969]</subfield>
  </datafield>
  <datafield tag="215" ind1=" " ind2=" ">
    <subfield code="a">326 &#x441;.; 17 &#x43B;. &#x446;&#x432;&#x435;&#x442;. &#x438;&#x43B;.</subfield>
    <subfield code="c">&#x438;&#x43B;., &#x446;&#x432;&#x435;&#x442;. &#x438;&#x43B;.</subfield>
    <subfield code="d">16 &#x441;&#x43C;</subfield>
  </datafield>
  <datafield tag="300" ind1=" " ind2=" ">
    <subfield code="a">&#x41D;&#x430; &#x43E;&#x431;&#x43B;. &#x441;&#x43E;&#x441;&#x442;. &#x43D;&#x435; &#x443;&#x43A;&#x430;&#x437;&#x430;&#x43D;&#x44B;</subfield>
  </datafield>
  <datafield tag="300" ind1=" " ind2=" ">
    <subfield code="a">&#x41D;&#x430; &#x43F;&#x43E;&#x441;&#x43B;&#x435;&#x434;&#x43D;&#x435;&#x439; &#x441;.: &#x415;. &#x414;&#x43E;&#x440;&#x43E;&#x448;&#x438;&#x43D;&#x441;&#x43A;&#x430;&#x44F;, &#x412;. &#x41A;&#x440;&#x443;&#x447;&#x438;&#x43D;&#x430;. &#x41B;&#x435;&#x43D;&#x438;&#x43D;&#x433;&#x440;&#x430;&#x434;. &#x41F;&#x443;&#x442;&#x435;&#x432;&#x43E;&#x434;&#x438;&#x442;&#x435;&#x43B;&#x44C;</subfield>
  </datafield>
  <datafield tag="607" ind1=" " ind2=" ">
    <subfield code="a">&#x41B;&#x435;&#x43D;&#x438;&#x43D;&#x433;&#x440;&#x430;&#x434;</subfield>
    <subfield code="j">&#x41F;&#x443;&#x442;&#x435;&#x432;&#x43E;&#x434;&#x438;&#x442;&#x435;&#x43B;&#x438;</subfield>
    <subfield code="2">nlr_sh1</subfield>
  </datafield>
  <datafield tag="686" ind1=" " ind2=" ">
    <subfield code="a">&#x423;&#x43D;15-441</subfield>
    <subfield code="2">rubbk</subfield>
  </datafield>
  <datafield tag="700" ind1=" " ind2="1">
    <subfield code="9">z03790</subfield>
    <subfield code="a">Doro&#x161;inskaja</subfield>
    <subfield code="b">E. M.</subfield>
    <subfield code="g">Elena Matveevna</subfield>
    <subfield code="4">070</subfield>
  </datafield>
  <datafield tag="701" ind1=" " ind2="1">
    <subfield code="9">z04790</subfield>
    <subfield code="a">Kru&#x10D;ina</subfield>
    <subfield code="b">V. I.</subfield>
    <subfield code="g">Vadim Ivanovi&#x10D;</subfield>
    <subfield code="4">070</subfield>
  </datafield>
  <datafield tag="790" ind1=" " ind2="1">
    <subfield code="9">z03700</subfield>
    <subfield code="a">Dorochinska&#xEF;a</subfield>
    <subfield code="b">E.</subfield>
    <subfield code="g">El&#xE9;na</subfield>
    <subfield code="4">070</subfield>
  </datafield>
  <datafield tag="790" ind1=" " ind2="1">
    <subfield code="9">z04701</subfield>
    <subfield code="a">Kroutchina</subfield>
    <subfield code="b">V.</subfield>
    <subfield code="g">Vadim</subfield>
    <subfield code="4">070</subfield>
  </datafield>
  <datafield tag="801" ind1=" " ind2="1">
    <subfield code="a">RU</subfield>
    <subfield code="b">NLR</subfield>
    <subfield code="c">20100825</subfield>
  </datafield>
  <datafield tag="801" ind1=" " ind2="0">
    <subfield code="a">RU</subfield>
    <subfield code="b">NLR</subfield>
    <subfield code="g">PSBO</subfield>
  </datafield>
  <datafield tag="852" ind1=" " ind2=" ">
    <subfield code="a">NLR</subfield>
    <subfield code="j">&#x41E;21 &#x414;-1/67</subfield>
  </datafield>
  <datafield tag="942" ind1=" " ind2=" ">
    <subfield code="c">BOOK</subfield>
  </datafield>
  <datafield tag="980" ind1=" " ind2=" ">
    <subfield code="a">NB</subfield>
  </datafield>
  <datafield tag="995" ind1=" " ind2=" ">
    <subfield code="5">2013-10-26</subfield>
    <subfield code="b">NLR01</subfield>
    <subfield code="c">NLR01</subfield>
    <subfield code="e">IF</subfield>
    <subfield code="f">9319769-10</subfield>
    <subfield code="k">&#x41E;21 &#x414;-1/67</subfield>
    <subfield code="o">0</subfield>
    <subfield code="r">BOOK</subfield>
    <subfield code="s">21_167</subfield>
  </datafield>
</record>
